Регионална библиотека "Любен Каравелов" - Русе

Физика (Запис номер 135469)

MARC детайли
000 -Лидер
Контролно поле с фиксирана дължина nam a22 a 4500
003 - Код на организацията, давaща контролен номер
Контролно поле BLK
005 - Дата и час на последна редакция
Контролно поле 20220328152610.0
008 - Елементи от данни с фиксирана дължина
fixed length control field 180409b bul|||||r ||||||| ||bul||
010 ## - Наследен системен номер
LC control number KNG00141395000
040 ## - Източник на каталожния запис
Идентификатор на билиотеката - собственик на записа BLK
041 ## - Код за език
Код за езика на текст/звукозапис или на отделно заглавие Български
Код за езика КДБФ Български
080 ## - УДК
Текстов определител УДК Физика
УДК код - определител по УДК 53
УДК определител (075.4)
УДК - код + определител 53(075.4)
080 ## - УДК
Текстов определител УДК Механика
УДК код - определител по УДК 531/534
УДК определител (075.4)
УДК - код + определител 531/534(075.4)
080 ## - УДК
Текстов определител УДК Термодинамика
УДК код - определител по УДК 536
УДК определител (075.4)
УДК - код + определител 536(075.4)
080 ## - УДК
Текстов определител УДК Ядрена, атомна, молекулярна физика. Вж и 621.039.5; 621.384.6
УДК код - определител по УДК 539.1
УДК определител (075.4)
УДК - код + определител 539.1(075.4)
100 1# - Редна дума - Автор
Автор Бончев, Любомир Петров
Авторска отговорност първи автор
R(LIN) 378765
139 ## - Редно поле
Редна дума Бончев, Любомир Петров и др.
Авторски знак Бонч - Б 63
245 10 - Сведения за заглавието
Заглавие Физика
Подзаглавни данни Учебник за курсистите от средата на раб. и сел. младеж, обучавани във ВМЕИ В. И.Ленин - София : Т. 1 -
Редно поле (дума) Любомир Петров Бончев, Анастас М. Камарашев, Любен П. Лалов; под ред. на Любомир Петров Бончев.
Том Т. 2
Заглавие на том Електричество и магнетизам, оптика, атомна и ядрена физика
257 ## - Страна на издаване
Страна на създаване/издаване България
260 ## - Област на издателските данни
Място на издаване, разпространение и проч. София
Име на издателя, разпространителя и проч. ВМЕИ В. И. Ленин
Година на издаване 1981
300 ## - Физическа характеристика
Размери/Мащаб 22 см
380 ## - Жанр
Жанр Естествени науки. Математика
650 #4 - Допълнително описание по предмет – тема
Основно описание – тема или топоним Физика - учебни помагала
9 (RLIN) 247618
650 #4 - Допълнително описание по предмет – тема
Основно описание – тема или топоним Електромагнетизъм - учебни помагала
9 (RLIN) 324846
650 #4 - Допълнително описание по предмет – тема
Основно описание – тема или топоним Оптика - учебни помагала
9 (RLIN) 324847
650 #4 - Допълнително описание по предмет – тема
Основно описание – тема или топоним Ядрена физика - учебни помагала
9 (RLIN) 324848
653 ## - Ключова дума – ненормативна
Ключова дума физика
653 ## - Ключова дума – ненормативна
Ключова дума електромагнетизъм
653 ## - Ключова дума – ненормативна
Ключова дума оптика
653 ## - Ключова дума – ненормативна
Ключова дума ядрена физика
653 ## - Ключова дума – ненормативна
Ключова дума учебници за курсове
700 1# - Други автори (авторска отговорност)
Лично име Камарашев, Анастас М.
Автороска отговорност (Описва отношението между автора и произведението) съавт.
9 (RLIN) 75583
700 1# - Други автори (авторска отговорност)
Лично име Лалов, Любен П.
Автороска отговорност (Описва отношението между автора и произведението) съавт.
9 (RLIN) 324843
700 1# - Други автори (авторска отговорност)
Лично име Бончев, Любомир Петров
Автороска отговорност (Описва отношението между автора и произведението) под ред. на
9 (RLIN) 378765
760 1# - Описание на основната серия
Редна дума на основното описание Бончев, Любомир Петров
Място на издаване, издател и година 1981
Страници - том 240 с. : с черт.
Забележка - том Библиогр. с. 233-234. - На кор. год. на изд. 1982.
Заглавие Т. 2 Електричество и магнетизам, оптика, атомна и ядрена физика
852 ## - Местоположение
Форматна сигнатура Цб 114091
Фондова буква Хранилище
999 ## - СИСТЕМНИ КОНТРОЛНИ НОМЕРА
Koha biblionumber 135469
Koha biblioitemnumber 135469
942 ## - АРТИКУЛИ
Вид на библиотечния материал Книги
Скрит в OPAC Не
Периодичен библиозапис Да
944 ## - СЪЗДАВАНЕ И РЕДАКЦИЯ на ЗАПИСА
Създаване/Редакция Създаване
Дата на регистрацията/редакция 29.03.2013
Статус, дата на статуса 29.03.2013 - от С1,Р / 29.03.2013
Служител, извършил регистрацията/редакцията Кина_Георгиева
944 ## - СЪЗДАВАНЕ И РЕДАКЦИЯ на ЗАПИСА
Създаване/Редакция Редакция
Дата на регистрацията/редакция 2022-03-28
Служител, извършил регистрацията/редакцията ГГГ
Наличности
Код за отписване Код за изгубен артикул Източник на класификационната схема Код за повреда Коз за рестрикции Код за отдаване Артикулен № Име на библиотеката - собственик Име на библиотеката, в която се намира в момента Статус (Текущо местоположение) Дата на вписване в системата Местоположение - отдел Цена в лева Инвентарен номер Систематично азбучна сигнатура Баркод Номер на екземпляра Цена в евро Служебна бележка Служебен тип на артикула
  Не е изгубен Universal Decimal Classification Не е повреден без рестрикции ползва се в читалня 221460 Регионална библиотека "Любен Каравелов" Русе Регионална библиотека "Любен Каравелов" Русе Хранилище 1981-01-01 Хранилище 1.10 350660 Цб 114091 900000022044 1 0.56 N: стар фонд Дата: 01.01.1981 Книги
Изтеглен Не е изгубен Universal Decimal Classification Не е повреден без рестрикции заемане за дома 221461 Регионална библиотека "Любен Каравелов" Русе Регионална библиотека "Любен Каравелов" Русе Заемна - подръчен фонд 1981-01-01 Заемна - подръчен фонд 1.05 384905 П 53/Б 63 384905 2 0.54 N: стар фонд Дата: 01.01.1981 Книги
Vip Innovations Ltd, Rousse, Bulgaria 2025